BILA AIR BERBICARA : MANUSIA JADI HURU HARA

Bibliographic Details
Main Author: Mohammad Qayyum A. Badaruddin,, Mejar (B),, 1968- (Author)
Format: Book
Published: Kajang, Selangor: Casamas Resources Sdn. Bhd, 2015.
Subjects:
LEADER 00896cam a2200265 7i4500
001 0000036154
005 20191022090000.0
007 ##ta
008 190917s2015 my
020 # # |a 9789675994258  
040 # # |a MATR 
090 0 0 |a B 363.3493   |b MQA (LRM) 
100 0 # |a Mohammad Qayyum A. Badaruddin,,   |c Mejar (B),,   |d 1968-   |e author  
245 1 0 |a BILA AIR BERBICARA :   |b MANUSIA JADI HURU HARA   |c Mejar (B) Mohammad Qayyum A. Badaruddin. 
264 # 4 |a ♭. 
264 # 1 |a Kajang, Selangor:   |b Casamas Resources Sdn. Bhd,   |c 2015. 
300 # # |a vi, 206 pages:   |b illustrations;   |c 22 cm. 
336 # # |a text  |2 rdacontent 
337 # # |a unmediated  |2 rdamedia 
338 # # |a volume  |2 rdacarrier 
504 # # |a Includes bibliographical references and index 
650 # 0 |a Floods  
650 # 0 |a Floods --   |x Religious aspects  
650 # 0 |a Natural disasters  
999 |a 0000037237  |b Book  |c Malaysia  |e Business Information Centre